000 00402nam a22001577a 4500
005 20250617140753.0
008 250617b |||||||| |||| 00| 0 eng d
020 _a0761927093
050 _aHD 75.S43 SEI
100 _aSEIDMAN KARL F.
245 _aECONOMIC DEVELOPMENT
_bFINANCE
260 _aLONDON
_bSAGE
_c2005
300 _aXXIIII,493p.
500 _aTABLES,REFERENCES,INDEX
942 _2lcc
_cBK
_n0
999 _c6554
_d6554